000 00434nam a22001697a 4500
003 MPLRDC
005 20220104175553.0
008 210129b ||||| |||| 00| 0 eng d
082 _a859.61 ALAM v.4
100 _a不详
245 _aMAMALIA ADALAH HAIWAN
_c
260 _a
_bBOOKS FOR ASIA (M) S/B
_c
300 _b
490 _aALAM DAN MANUSIA KONSEP SAINS;4
650 _aSASTERA KANAK-KANAK
942 _cBK
_o859.61 ALAM v.4
999 _c60452
_d60442